000 00708nam a2200229Ia 4500
001 15961
003 GE_BSU
008 181216s||||||||xx |||||||||||||| ||und||
040 _cGE_BSU
080 _a82-93
100 _aხოდაშნელი, შოთა
245 _aიმედა და მზის სხივი
245 _bლექსები
245 _cრედ.გ.ჭიჭინაძე. მხ.რ.მახარაძე
260 _aთბილისი
260 _bნაკადული
260 _c1987
300 _a87გვ. ; 20სმ
653 _aიმედა და მზის სხივი
653 _aლექსები
942 _cBK
999 _c49055
_d49055